<?xml version="1.0" encoding="UTF-8"?><marc:collection xmlns:marc="http://www.loc.gov/MARC21/slim">
  <marc:record>
    <marc:leader>00000nam##2200000za#4500</marc:leader>
    <marc:controlfield tag="001">9.680354</marc:controlfield>
    <marc:controlfield tag="003">CaOODSP</marc:controlfield>
    <marc:controlfield tag="005">20220107134006</marc:controlfield>
    <marc:controlfield tag="007">ta</marc:controlfield>
    <marc:controlfield tag="008">150407|1999||||xxc|||||     f|0| 0 fre|d</marc:controlfield>
    <marc:datafield tag="020" ind1=" " ind2=" ">
      <marc:subfield code="a">0-662-82695-7</marc:subfield>
    </marc:datafield>
    <marc:datafield tag="040" ind1=" " ind2=" ">
      <marc:subfield code="a">CaOODSP</marc:subfield>
      <marc:subfield code="b">fre</marc:subfield>
    </marc:datafield>
    <marc:datafield tag="043" ind1=" " ind2=" ">
      <marc:subfield code="a">n-cn---</marc:subfield>
    </marc:datafield>
    <marc:datafield tag="086" ind1="1" ind2=" ">
      <marc:subfield code="a">H72-21/157-1998F</marc:subfield>
    </marc:datafield>
    <marc:datafield tag="110" ind1="2" ind2=" ">
      <marc:subfield code="a">Centre national d'information sur la violence dans la famille (Canada)</marc:subfield>
    </marc:datafield>
    <marc:datafield tag="245" ind1="1" ind2="0">
      <marc:subfield code="a">Violence à l'égard du mari: vue d'ensemble sur la recherche et les perspectives / </marc:subfield>
      <marc:subfield code="c">par Leslie Tutty. </marc:subfield>
    </marc:datafield>
    <marc:datafield tag="260" ind1=" " ind2=" ">
      <marc:subfield code="a">Ottawa - Ontario : </marc:subfield>
      <marc:subfield code="b">Santé Canada. </marc:subfield>
      <marc:subfield code="c">1999.</marc:subfield>
    </marc:datafield>
    <marc:datafield tag="300" ind1=" " ind2=" ">
      <marc:subfield code="a">32p. : </marc:subfield>
      <marc:subfield code="b">références ; </marc:subfield>
      <marc:subfield code="c">28 cm.</marc:subfield>
    </marc:datafield>
    <marc:datafield tag="500" ind1=" " ind2=" ">
      <marc:subfield code="a">Sommaire: Introduction.--Définition de «violence à l'égard du mari».--Preuves de violence à l'égard du mari.--Critiques sur les sondages communautaires liés à la violence à l'égard du mari.--Débat sur la violence à l'égard du mari.--Les effets et la nature de la violence à l'égard du mari.--Comparaison avec les femmes battues.--Perceptions de la violence à l'égard du mari par les intervenants canadiens en matière de violence familiale.--De quels recours les hommes battus disposent-ils? Déclaration des services et recherche d'aide.--Où s'adresser pour obtenir de l'aide.--Conséquences sur le plan de l'action.--Conclusion.--Lectures suggérées.--Références.</marc:subfield>
    </marc:datafield>
    <marc:datafield tag="563" ind1=" " ind2=" ">
      <marc:subfield code="a">Couverture souple</marc:subfield>
    </marc:datafield>
    <marc:datafield tag="590" ind1=" " ind2=" ">
      <marc:subfield code="a">99-34</marc:subfield>
      <marc:subfield code="b">1999-08-27</marc:subfield>
    </marc:datafield>
    <marc:datafield tag="691" ind1="0" ind2="7">
      <marc:subfield code="a">Violence familiale</marc:subfield>
      <marc:subfield code="2">gcpds</marc:subfield>
    </marc:datafield>
    <marc:datafield tag="720" ind1="1" ind2=" ">
      <marc:subfield code="a">Tutty, Leslie</marc:subfield>
    </marc:datafield>
    <marc:datafield tag="775" ind1="0" ind2="8">
      <marc:subfield code="t">Husband abuse: an overview of research and perspectives / </marc:subfield>
      <marc:subfield code="w">(CaOODSP)9.646856</marc:subfield>
    </marc:datafield>
    <marc:datafield tag="776" ind1="0" ind2="#">
      <marc:subfield code="t">Violence à l'égard du mari : </marc:subfield>
      <marc:subfield code="w">(CaOODSP)9.639837</marc:subfield>
    </marc:datafield>
  </marc:record>
</marc:collection>
